Guess the Recent College Basketball Players 2017-2025 - Statistics

General Stats
  • This quiz has been taken 49 times
  • The average score is 6 of 16
Answer Stats
Picture Answer % Correct
Armando Bacot
91%
Johni Broome
89%
Cassius Winston
64%
Tyger Campbell
61%
Jarrett Culver
55%
Buddy Boeheim
48%
Myles Powell
48%
Admiral Schofield
43%
Caleb Swanigan
36%
Udoka Azubuike
25%
LaGerald Vick
18%
Blake Hinson
11%
Jarron Cumberland
11%
Jalen Slawson
7%
Shamorie Ponds
7%
Mfiondu Kabengele
5%
No matching quizzes found
Score Distribution
Percent of People with Each Score
Percentile by Number Answered
Your Score History
You have not taken this quiz